Statistics for FIFA World Cup Winners - Multiple Choice

Click here to take the quiz!

General Stats

  • This quiz has been taken 45 times
  • The average score is 18 of 22

Answer Stats

QuestionAnswer% Correct
2002Brazil
100%
2018France
100%
2022Argentina
98%
2014Germany
95%
2010Spain
93%
1986Argentina
90%
1998France
88%
2006Italy
88%
1966England
86%
1930Uruguay
86%
1994Brazil
81%
1962Brazil
81%
1978Argentina
76%
1974West Germany
76%
1958Brazil
74%
1934Italy
71%
1954West Germany
71%
1982Italy
69%
1950Uruguay
69%
1970Brazil
62%
1990West Germany
62%
1938Italy
57%

Score Distribution

Percentile by Number Answered

Percent of People with Each Score

Your Score History

You have not taken this quiz